LIBRARY ONLINE CATALOGUE

Historical handbook of major biblical interpreters / (Record no. 14860)

MARC details
000 -LEADER
fixed length control field 00706nam a22002172 4500
001 - CONTROL NUMBER
control field 0000000723
005 - DATE AND TIME OF LATEST TRANSACTION
control field 20151217161128.0
008 - FIXED-LENGTH DATA ELEMENTS--GENERAL INFORMATION
fixed length control field 070216s xx 000 0 eng d
020 ## - INTERNATIONAL STANDARD BOOK NUMBER
International Standard Book Number 085111752X :
Terms of availability KES 1,200
040 ## - CATALOGING SOURCE
Original cataloging agency KABU
Transcribing agency KABU
050 #0 - LIBRARY OF CONGRESS CALL NUMBER
Classification number BS501
Item number .A1H57
245 10 - TITLE STATEMENT
Title Historical handbook of major biblical interpreters /
Statement of responsibility, etc. editor, Donald K. McKim.
260 ## - PUBLICATION, DISTRIBUTION, ETC. (IMPRINT)
Place of publication, distribution, etc. Leicester, England :
Name of publisher, distributor, etc. Inter Varsity Press,
Date of publication, distribution, etc. 1998.
300 ## - PHYSICAL DESCRIPTION
Extent xxii, 643 p.
600 10 - SUBJECT ADDED ENTRY--PERSONAL NAME
Personal name Biblical scholars.
-- 0000149042
700 1# - ADDED ENTRY--PERSONAL NAME
Personal name McKim, Donald K.
-- 0000149043
908 ## - PUT COMMAND PARAMETER (RLIN)
Put command parameter 070216
950 ## - LOCAL HOLDINGS (RLIN)
-- 1
Holdings
Withdrawn status Lost status Source of classification or shelving scheme Not for loan Home library Current library Date acquired Total Checkouts Full call number Barcode Date last seen Price effective from Koha item type
    Library of Congress Classification Not For Loan Kabarak, Main Campus Kabarak, Main Campus 17/12/2015   BS501 .A1H57 004122 17/12/2015 17/12/2015 Reference
    Library of Congress Classification Not For Loan Kabarak, Main Campus Kabarak, Main Campus 17/12/2015   BS501 .A1H57 005937 17/12/2015 17/12/2015 Reference